Estadísticas para Equipos de la B Metropolitana de Argentina

Haz click aquí para intentar la prueba.

Estadísticas generales

  • Esta prueba ha sido intentada 20 veces
  • La puntuación promedio es 14 de 17

Estadísticas de respuestas

Respuesta% Correcto
Comunicaciones
95%
Deportivo Armenio
95%
Fénix
95%
Sacachispas
95%
Acassuso
89%
Villa San Carlos
89%
Dock Sud
84%
Ituzaingó
84%
Los Andes
84%
Talleres Remedios de Escalada
79%
UAI Urquiza
79%
Argentino de Quilmes
74%
Colegiales
74%
Cañuelas
68%
Deportivo Merlo
68%
San Miguel
68%
Argentino de Merlo
47%

Distribución de puntuación

Porcentaje por número respondido

Porcentaje de gente con cada puntuación

Historial de tus puntuaciones

No has intentado esta prueba.